Quizzes
Events
Quiz Creation
Community
Videos
Private Events
Remove Ads
Sign In
Join for FREE
Feedback
Dark Mode
Quiz Categories
Sports
Geography
Music
Movies
Television
Just For Fun
Miscellaneous
History
Literature
Language
Science
Gaming
Entertainment
Religion
Holiday
For Kids
Quiz Lab
Recent
Popular Today
Quiz Kudos Today
Editor Picks
Curator Picks
Quizzes by...
Day
Popularity
Type
Ratings
Length
Year
Community
Subscriptions
Recent Discussions
Orange Saloon
Badges
Playlists
Quests
Create
Leaderboards
Showdown
Live 5
Trivia Bingo
Activity
Puzzle Library
Sporcle Events
Private Events
Virtual Trivia
Globe League
Become a Host
Pub Owners
SporcleCon
Opinionation
Our Games
Videos
Blog
Mobile Apps
Partnerships
Remove Ads and Go Orange
Feedback
History
US Presidents
World Leaders
Politics
Nation
Discovery
War
Decade
Year
Century
Biography
Art
History
US Presidents
World Leaders
Politics
Nation
Discovery
War
Decade
Year
Century
Biography
Art
Random Quiz
Search Sporcle
×
Quiz Lab
Quiz Lab
History
Country
Type in answers that appear in a list
Type in answers that appear in a list
Classic
Best Score? Go Orange.
Dictators - Past and Present Stats
Can you name the Dictators - Past and Present?
By
Brazen_Cheating
8m
16 Questions
454 Plays
454 Plays
454 Plays
Comments
Comments
Give Quiz Kudos
Give Quiz Kudos
-
- Ratings
hide this ad
More Info
Replay
Link that replays current quiz
Next Quiz
Link to next quiz in quiz playlist
You Got
0%
They Got
Avg Score
52%
Avg Friend Score
Upgrade to see
Score Distribution
Jump to the score distribution portion of the page
Score
0/16
Timer
08:00
0
Plays Today
Country (Years of Dictatorship)
% Correct
People's Republic of China (1949-
1976)
Mao Zedong
90.7%
Italy (1922-
1943)
Benito Mussolini
85%
North Korea (1994-
present)
Kim Jong-il
77.3%
Chile (1973-
1990)
Augusto Pinochet
71.7%
Zimbabwe (1980-
present)
Robert Mugabe
71.7%
Democratic Kampuchea/
Cambodia (1975-
1979)
Pol Pot
69.1%
Yugoslavia (1944-
1980)
Josip Broz Tito
66.4%
Egypt (1954-
1970)
Gamal Abdel Nasser
50.8%
Country (Years of Dictatorship)
% Correct
Cuba (1953-
1959)
Fulgencio Batista
49.7%
Iran (1979-
1989)
Ruhollah Khomeini
47.9%
USSR (1964-
1982)
Leonid Brezhnev
47.7%
Portugal (1928-
1968)
António de Oliveira Salazar
33.3%
Mexico (1879-
1910)
Porfirio Diaz
23.8%
Albania (1925-
1939)
Ahmet Muhtar Bej Zogolli
19.4%
Uzbekistan (1991-
present)
Islom Karimov
17.7%
Somalia (1969-
1991)
Mohamed Siad Barre
14.6%
Quiz Playlist
Details
Report
Send in Message
Add To Playlist
More Info:
This is a selection of dictators from history, not a definitive list. A dictator is defined in the source link.
Classic:
Type in answers that appear in a list
Quiz Source
Last Updated: Feb 16, 2017
Quiz Scoreboard
CHALLENGE
Sign Up to Join the Scoreboard
Show All
Scores
Hide
Comments
May contain spoilers
Recently Published
Popular People in 1961
by mucciniale
History
6m
1-10 Letter E Words III
by El_Dandy
Language
2m
One Thing in Common: World Cities II
by knightlancer
Geography
7m
More to Explore
Quiz From the Vault
Featured Blog Post
Where Did the Easter Bunny Come From?
hide this ad
You Might Also Like...
Tags
Country Quiz
dictator
dictatorship
past
present
Today's Top Quizzes in History
Browse History
hide this ad
Today's Top Quizzes in Country
Browse Country
Top Contributed Quizzes in History
1
Popular People in 1991
2
Popular People in 1981
3
Popular People in 1951
4
Popular People in 1941
5
Popular People in 1986
6
Popular People in 1921
7
Popular People in 1976
8
Popular People in 1946
9
Popular People in 1936
10
I Am Born On March 28th
Explore More
Trending Topics
Disney
Harry Potter
Anime
Kpop
Marvel
NBA
Crossword
The Office
WWE
Country
Pokémon
Song
Soccer
Puzzle
NFL
hide this ad
More By:
Brazen_Cheating
Quiz
Plays
Rating
Category
Featured
Created
Dictators - Past and Present
454
4.00
History
Feb 19, 2010
Go to Creator's Profile
Score Distribution
Quiz Creator Spotlight
Brazen_Cheating
Follow
Send a Message
Quizzes Created
-
Created Quiz Play Count
-
More By This Creator
Popular Quizzes Today
1
Find the US States - No Outlines Minefield
2
The Countries of the World
3
Popular People in 1961
4
Find the Countries of Europe - No Outlines Minefield
5
1-10 Letter E Words III
6
Find the US States
7
One Thing in Common: World Cities II
8
US States
More History Quizzes
Monarchs of England and Britain Blitz
Published
Trending Quizzes
1-10 Letter F Words
One Thing in Common: Music
1-10 Letter G Words
Risky Map Clicking: Next State Alphabetically
1-10 Letter F Words II
Recently Updated
Leaping Animals
pecheneg
Reality TV Shows (A-Z)
bhenderson79
Rickey Henderson's Hall of Fame Teammates
pecheneg
Champions League XIs: Arsenal
pecheneg
Quick Pick: Celebrities in WWE's Hall of Fame
aduchscher
A-Z Keypad Blitz II
pecheneg
Multiple Oscar Actors
pecheneg
Mystery Phrase Blitz: Oscar 'Best Actors'
pecheneg
F. Scott Fitzgerald Novels
LTH
Pick 3 Villains
ddd62291
Trending Topics
Harry Potter
Kpop
Disney
Anime
Crossword
NBA
Marvel
NFL
Song
Puzzle
Country
Pokémon
WWE
Soccer
The Office
Your Account Isn't Verified!
In order to create a playlist on Sporcle, you need to verify the email address you used during registration. Go to your
Sporcle Settings
to finish the process.
Report this User
Report this user for behavior that violates our
Community Guidelines
.
Details:
Send Report
Go to the Sporcle.com Mobile Site →
Comments